[Event "Berlin Lichtenberger op 11th"]
[Site "Berlin"]
[Date "2012.08.26"]
[Round "9"]
[White "Birkholz, Axel"]
[Black "Hansen, Rene Rauer"]
[Result "0-1"]
[WhiteElo "1882"]
[BlackElo "2047"]
[PlyCount "78"]
[EventDate "2012.08.18"]
[EventType "swiss"]
[EventRounds "9"]
[EventCountry "GER"]
[SourceTitle "CBM 150 Extra"]
[Source "ChessBase"]
[SourceDate "2012.10.19"]
[SourceVersion "1"]
[SourceVersionDate "2012.10.19"]
[SourceQuality "1"]

1. e4 d5 2. exd5 Qxd5 3. Nc3 Qd6 4. d4 Nf6 5. Nf3 c6 6. g3 Bg4 7. Bg2 e6 8. 0-0 Qc7 9. Bg5 Nbd7 10. Qd3 Bxf3 11. Qxf3 Be7 12. Bf4 Qb6 13. Rad1 0-0 14. Ne4 Nxe4 15. Qxe4 Nf6 16. Qd3 Rfd8 17. Qc4 Rd7 18. b3 Rad8 19. c3 Nd5 20. Bxd5 Rxd5 21. Be5 Bd6 22. Bxd6 R8xd6 23. b4 Qd8 24. f4 h5 25. Qe2 b6 26. f5 exf5 27. Qxh5 g6 28. Qf3 c5 29. bxc5 bxc5 30. g4 cxd4 31. cxd4 Qd7 32. gxf5 Rxf5 33. Qa8+ Kg7 34. Rxf5 Qxf5 35. Qg2 Rd5 36. Rf1 Qg5 37. Rd1 Qe3+ 38. Qf2 Rg5+ 39. Kf1 Rf5 0-1

[Event "Berlin Lichtenberger op 11th"]
[Site "Berlin"]
[Date "2012.08.22"]
[Round "5"]
[White "Hansen, Rene Rauer"]
[Black "Kohlmeyer, Dagobert"]
[Result "1-0"]
[WhiteElo "2047"]
[BlackElo "1895"]
[PlyCount "97"]
[EventDate "2012.08.18"]
[EventType "swiss"]
[EventRounds "9"]
[EventCountry "GER"]
[SourceTitle "CBM 150 Extra"]
[Source "ChessBase"]
[SourceDate "2012.10.19"]
[SourceVersion "1"]
[SourceVersionDate "2012.10.19"]
[SourceQuality "1"]

1. d4 Nf6 2. c4 g6 3. Nf3 Bg7 4. g3 0-0 5. Bg2 c6 6. 0-0 d5 7. cxd5 cxd5 8. Nc3 Nc6 9. Bf4 a6 10. Rc1 Bf5 11. Ne5 Rc8 12. Na4 Nxe5 13. Bxe5 Qa5 14. Qb3 Ne4 15. Bxe4 dxe4 16. Bxg7 Kxg7 17. Rc5 Rxc5 18. dxc5 Bd7 19. Qc3+ Qxc3 20. Nxc3 Bc6 21. Rd1 h5 22. h4 f5 23. e3 e5 24. Ne2 Bb5 25. Rd2 Bd3 26. f4 exf4 27. Nxf4 Bc4 28. b3 Bf7 29. Rd7 Rb8 30. Ne6+ Kg8 31. Ng5 Be8 32. Rc7 a5 33. Kf2 b5 34. Ne6 Bf7 35. Nd4 a4 36. Ra7 axb3 37. axb3 b4 38. c6 Rc8 39. Rb7 Bxb3 40. Nxb3 Rxc6 41. Nd4 Ra6 42. Rxb4 Ra2+ 43. Ke1 Kf7 44. Rc4 g5 45. Rc7+ Kg6 46. Rc6+ Kf7 47. hxg5 Ra1+ 48. Kf2 Ra2+ 49. Ne2 1-0

[Event "Politiken Cup 32nd"]
[Site "Copenhagen"]
[Date "2010.08.06"]
[Round "8"]
[White "Andersen, Harry"]
[Black "Hansen, Rene Rauer"]
[Result "1-0"]
[WhiteElo "1871"]
[BlackElo "2028"]
[PlyCount "131"]
[EventDate "2010.07.31"]
[EventType "swiss"]
[EventRounds "10"]
[EventCountry "DEN"]
[SourceTitle "CBM 137 Extra"]
[Source "ChessBase"]
[SourceDate "2010.09.01"]
[SourceVersion "1"]
[SourceVersionDate "2010.09.01"]
[SourceQuality "1"]

1. e4 d6 2. d4 Nf6 3. Nc3 e5 4. dxe5 dxe5 5. Qxd8+ Kxd8 6. Bg5 Be6 7. 0-0-0+ Nbd7 8. Nf3 Kc8 9. a3 c6 10. h3 b5 11. Bh4 Nh5 12. g4 Nf4 13. Bg3 Ng6 14. Ng5 Bc5 15. Rd2 Re8 16. Nxe6 Rxe6 17. h4 Re7 18. Bg2 Ngf8 19. Rhd1 Ne6 20. Ne2 a5 21. g5 Ra7 22. Kb1 a4 23. Rd3 Rb7 24. f4 exf4 25. Nxf4 b4 26. axb4 Bxb4 27. Nxe6 fxe6 28. h5 Re8 29. e5 Rc7 30. Bxc6 Rxc6 31. Rxd7 Re7 32. Rd8+ Kc7 33. R8d4 Rb6 34. Ka2 Kc6 35. c3 Bc5 36. Rc4 Kb5 37. Rxc5+ Kxc5 38. Bf2+ Kb5 39. Bxb6 Kxb6 40. g6 hxg6 41. hxg6 Kc5 42. Ka3 Rb7 43. Rd6 Rb3+ 44. Ka2 Rb5 45. Rxe6 Kd5 46. Re7 Ra5 47. Rxg7 Kxe5 48. Rb7 Kf6 49. g7 Rg5 50. Ka3 Rg4 51. c4 Ke6 52. Kb4 Kd6 53. Kb5 Rg5+ 54. Kb6 Rg2 55. Ka5 Kc6 56. Rf7 Rg4 57. Kxa4 Rxc4+ 58. b4 Rg4 59. Ka5 Rg1 60. b5+ Kc5 61. Rc7+ Kd6 62. b6 Ra1+ 63. Kb5 Ra8 64. b7 Ra1 65. g8Q Rb1+ 66. Kc4 1-0

[Event "Politiken Cup 32nd"]
[Site "Copenhagen"]
[Date "2010.08.04"]
[Round "6"]
[White "Eisele, Per"]
[Black "Hansen, Rene Rauer"]
[Result "1-0"]
[WhiteElo "1804"]
[BlackElo "2028"]
[PlyCount "113"]
[EventDate "2010.07.31"]
[EventType "swiss"]
[EventRounds "10"]
[EventCountry "DEN"]
[SourceTitle "CBM 137 Extra"]
[Source "ChessBase"]
[SourceDate "2010.09.01"]
[SourceVersion "1"]
[SourceVersionDate "2010.09.01"]
[SourceQuality "1"]

1. Nc3 d5 2. e4 d4 3. Nce2 e5 4. Ng3 Bd6 5. Bc4 Ne7 6. d3 Nbc6 7. Qh5 0-0 8. Nh3 Bxh3 9. gxh3 Na5 10. Bh6 Nxc4 11. Rg1 Ng6 12. dxc4 gxh6 13. Qxh6 Kh8 14. Nf5 Rg8 15. Rg5 Qxg5 16. Qxg5 Bf8 17. Qf6+ Bg7 18. Qxf7 Nf4 19. 0-0-0 Nxh3 20. f3 Ng5 21. Qh5 Ne6 22. b3 Nf4 23. Qf7 Raf8 24. Qxc7 Bf6 25. Qxb7 Rg2 26. c5 Ne2+ 27. Kb2 Nc3 28. Rd3 Rgg8 29. c6 Rb8 30. Qf7 Na4+ 31. Ka3 Rgf8 32. Qxf8+ Rxf8 33. Kxa4 Rc8 34. Kb5 a6+ 35. Kb6 Bd8+ 36. Kc5 Bc7 37. c3 Rb8 38. cxd4 exd4 39. h4 Bb6+ 40. Kc4 Rc8 41. Nxd4 Bxd4 42. Kxd4 Rxc6 43. e5 Rh6 44. Kc5 Rxh4 45. Kb6 Rh5 46. f4 Rf5 47. Rf3 h5 48. Kxa6 Kg7 49. b4 Rf8 50. a4 Ra8+ 51. Kb5 Rb8+ 52. Kc4 Rc8+ 53. Kd5 Rd8+ 54. Ke4 Rc8 55. Rb3 Rc4+ 56. Kf5 h4 57. a5 1-0

[Event "Politiken Cup 31st"]
[Site "Helsingor"]
[Date "2009.07.26"]
[Round "10"]
[White "Hansen, Rene Rauer"]
[Black "Wahlstrom, Lennart"]
[Result "0-1"]
[WhiteElo "1991"]
[BlackElo "2179"]
[PlyCount "86"]
[EventDate "2009.07.18"]
[EventType "swiss"]
[EventRounds "10"]
[EventCountry "DEN"]
[SourceTitle "CBM 131 Extra"]
[Source "ChessBase"]
[SourceDate "2009.09.03"]
[SourceVersion "2"]
[SourceVersionDate "2009.09.16"]
[SourceQuality "1"]

1. Nf3 d5 2. d4 c5 3. dxc5 e6 4. e3 Bxc5 5. Be2 Nf6 6. 0-0 0-0 7. c4 Nc6 8. cxd5 exd5 9. a3 Be6 10. b4 Bd6 11. Bb2 Rc8 12. Nbd2 a6 13. Rc1 Qe7 14. Nb3 Ng4 15. Nbd4 Nxd4 16. Qxd4 f6 17. Rfd1 Rxc1 18. Rxc1 Ne5 19. Qb6 Bg4 20. Nd4 Bxe2 21. Nxe2 Nc4 22. Qd4 Qe5 23. Qxe5 fxe5 24. Rc2 a5 25. bxa5 Ra8 26. e4 Nxb2 27. Rxb2 d4 28. Rb5 Bxa3 29. Rxe5 d3 30. Ng3 Rd8 31. Nf1 d2 32. Nxd2 Rxd2 33. f3 Rb2 34. a6 bxa6 35. Ra5 Bb4 36. Rxa6 Bc5+ 37. Kf1 Rf2+ 38. Ke1 Rxg2 39. e5 Kf7 40. f4 Rg4 41. Ra4 Be3 42. Re4 Bxf4 43. Ke2 g5 0-1

[Event "Politiken Cup 31st"]
[Site "Helsingor"]
[Date "2009.07.24"]
[Round "8"]
[White "Hansen, Rene Rauer"]
[Black "Brondum, Eric"]
[Result "0-1"]
[WhiteElo "1991"]
[BlackElo "2122"]
[PlyCount "74"]
[EventDate "2009.07.18"]
[EventType "swiss"]
[EventRounds "10"]
[EventCountry "DEN"]
[SourceTitle "CBM 131 Extra"]
[Source "ChessBase"]
[SourceDate "2009.09.03"]
[SourceVersion "2"]
[SourceVersionDate "2009.09.16"]
[SourceQuality "1"]

1. Nf3 d6 2. d4 g6 3. c4 Bg7 4. g3 Nf6 5. Nc3 0-0 6. Bg2 Nbd7 7. 0-0 e5 8. e4 exd4 9. Nxd4 Re8 10. Re1 a6 11. h3 Rb8 12. Be3 c5 13. Nc2 b5 14. cxb5 axb5 15. f3 b4 16. Ne2 Ne5 17. Qc1 Nd3 18. Qb1 Nxe1 19. Qxe1 Qe7 20. Rd1 Be6 21. b3 Ra8 22. Nc1 d5 23. e5 Nd7 24. f4 d4 25. Bxa8 Rxa8 26. Bf2 Bxh3 27. Qe4 Qe8 28. Nxd4 cxd4 29. Rxd4 Bf5 30. Qf3 h5 31. Rxb4 Rc8 32. Ne2 Bf8 33. Rc4 Rxc4 34. bxc4 Qc8 35. Nd4 Nc5 36. e6 Bxe6 37. Nxe6 Qxe6 0-1

[Event "Politiken Cup 31st"]
[Site "Helsingor"]
[Date "2009.07.22"]
[Round "6"]
[White "Hansen, Rene Rauer"]
[Black "Eriksson, Christian Altenburg"]
[Result "1/2-1/2"]
[WhiteElo "1991"]
[BlackElo "2181"]
[PlyCount "57"]
[EventDate "2009.07.18"]
[EventType "swiss"]
[EventRounds "10"]
[EventCountry "DEN"]
[SourceTitle "CBM 131 Extra"]
[Source "ChessBase"]
[SourceDate "2009.09.03"]
[SourceVersion "2"]
[SourceVersionDate "2009.09.16"]
[SourceQuality "1"]

1. Nf3 d5 2. d4 Nf6 3. c4 dxc4 4. e3 e6 5. Bxc4 c5 6. 0-0 a6 7. a4 Nc6 8. Nc3 Qc7 9. Qe2 Bd6 10. Rd1 0-0 11. h3 b6 12. dxc5 Bxc5 13. e4 Ne5 14. Nxe5 Qxe5 15. Be3 Bb7 16. Bxc5 Qxc5 17. Rac1 Qg5 18. Rc2 Qf4 19. f3 Qg5 20. Qf2 Rac8 21. Qxb6 Rxc4 22. Qxb7 Qe3+ 23. Rf2 a5 24. Qb5 Rb4 25. Qd3 Qb6 26. Rdd2 Rb8 27. Qd6 Rxb2 28. Qxb6 R2xb6 29. Nb5 1/2-1/2

[Event "Politiken Cup 31st"]
[Site "Helsingor"]
[Date "2009.07.20"]
[Round "4"]
[White "Hansen, Rene Rauer"]
[Black "Engelbert, Christoph"]
[Result "0-1"]
[WhiteElo "1991"]
[BlackElo "2185"]
[PlyCount "88"]
[EventDate "2009.07.18"]
[EventType "swiss"]
[EventRounds "10"]
[EventCountry "DEN"]
[SourceTitle "CBM 131 Extra"]
[Source "ChessBase"]
[SourceDate "2009.09.03"]
[SourceVersion "2"]
[SourceVersionDate "2009.09.16"]
[SourceQuality "1"]

1. d4 g6 2. Nf3 Bg7 3. g3 Nf6 4. Bg2 0-0 5. c4 d6 6. 0-0 c6 7. Nc3 Bf5 8. Re1 Ne4 9. Nd2 Nxc3 10. bxc3 Qc8 11. Qb3 Na6 12. a4 Rb8 13. Qa3 c5 14. Bb2 Re8 15. Rac1 Qc7 16. e4 Bd7 17. d5 e5 18. Re2 Bh6 19. Rf1 Re7 20. Bc1 Rf8 21. f4 exf4 22. gxf4 f5 23. Ref2 Bg7 24. Re1 Qa5 25. Rfe2 Qxc3 26. Qxc3 Bxc3 27. exf5 Rxe2 28. Rxe2 gxf5 29. Nf3 Re8 30. Rxe8+ Bxe8 31. Bh3 Bxa4 32. Bxf5 Bb3 33. Bc8 Bxc4 34. Bxb7 Nb4 35. Ba3 Nxd5 36. f5 a5 37. Bc8 Bf6 38. Be6+ Kf8 39. Nd2 Ba2 40. Ne4 Ke7 41. Kh1 a4 42. Nxc5 dxc5 43. Bxc5+ Ke8 44. Kg2 Nf4+ 0-1

[Event "Politiken Cup 31st"]
[Site "Helsingor"]
[Date "2009.07.19"]
[Round "3"]
[White "Caceres, Cipriano Sande"]
[Black "Hansen, Rene Rauer"]
[Result "0-1"]
[WhiteElo "1766"]
[BlackElo "1991"]
[PlyCount "92"]
[EventDate "2009.07.18"]
[EventType "swiss"]
[EventRounds "10"]
[EventCountry "DEN"]
[SourceTitle "CBM 131 Extra"]
[Source "ChessBase"]
[SourceDate "2009.09.03"]
[SourceVersion "2"]
[SourceVersionDate "2009.09.16"]
[SourceQuality "1"]

1. c4 Nf6 2. Nc3 g6 3. Nf3 Bg7 4. e4 d6 5. Be2 c5 6. 0-0 Nc6 7. d3 0-0 8. h3 a6 9. Bf4 Nd7 10. Qd2 Nde5 11. Nxe5 dxe5 12. Bh6 Nd4 13. Bxg7 Kxg7 14. f4 Qd6 15. f5 b5 16. f6+ exf6 17. Nd5 f5 18. exf5 Bxf5 19. g4 Be6 20. Rf6 Qd8 21. g5 Bxd5 22. cxd5 Qxd5 23. h4 h6 24. Raf1 hxg5 25. hxg5 Ra7 26. b3 Rh8 27. Bf3 Nxf3+ 28. R1xf3 Qd4+ 29. Rf2 Rh3 30. Kf1 Rxd3 31. Qe2 c4 32. R6f3 Rd7 33. bxc4 bxc4 34. Kg2 Rxf3 35. Qxf3 Qd5 36. Qxd5 Rxd5 37. Rf6 Rd2+ 38. Kf3 Rxa2 39. Rc6 Ra3+ 40. Kg4 c3 41. Rc5 a5 42. Rxe5 Ra4+ 43. Kf3 Rc4 44. Re1 c2 45. Rc1 Kf8 46. Ke3 Rc5 0-1

[Event "Politiken Cup 31st"]
[Site "Helsingor"]
[Date "2009.07.18"]
[Round "1"]
[White "Hansen, Sune Berg"]
[Black "Hansen, Rene Rauer"]
[Result "1-0"]
[WhiteElo "2554"]
[BlackElo "1991"]
[PlyCount "59"]
[EventDate "2009.07.18"]
[EventType "swiss"]
[EventRounds "10"]
[EventCountry "DEN"]
[SourceTitle "CBM 131 Extra"]
[Source "ChessBase"]
[SourceDate "2009.09.03"]
[SourceVersion "2"]
[SourceVersionDate "2009.09.16"]
[SourceQuality "1"]

1. e4 e5 2. Nf3 Nc6 3. Bc4 Nf6 4. d3 Be7 5. Bb3 0-0 6. 0-0 d5 7. exd5 Nxd5 8. h3 Kh8 9. Re1 f6 10. c3 Bc5 11. d4 exd4 12. cxd4 Bb4 13. Bd2 Bxd2 14. Qxd2 Nce7 15. Nc3 c6 16. Re2 Bf5 17. Nh4 Qd7 18. Rae1 Ng8 19. Bxd5 cxd5 20. Nxf5 Qxf5 21. Re6 Rad8 22. Nb5 Qg6 23. Nd6 Rd7 24. Qa5 Qc2 25. Qxd5 Qxb2 26. Qc4 Qd2 27. R1e2 Qf4 28. g3 Qf3 29. Re8 Rxd6 30. Rxf8 1-0

[Event "Budapest FS07 FM-A"]
[Site "Budapest"]
[Date "2009.07.09"]
[Round "6"]
[White "Hansen, Rene Rauer"]
[Black "Koczo, Kristof"]
[Result "0-1"]
[WhiteElo "1991"]
[BlackElo "2242"]
[PlyCount "78"]
[EventDate "2009.07.04"]
[EventType "tourn"]
[EventRounds "11"]
[EventCountry "HUN"]
[SourceTitle "CBM 131 Extra"]
[Source "ChessBase"]
[SourceDate "2009.09.03"]
[SourceVersion "2"]
[SourceVersionDate "2009.09.16"]
[SourceQuality "1"]

1. d4 d5 2. c4 c6 3. Nf3 Nf6 4. Nc3 dxc4 5. a4 Bf5 6. e3 Bd3 7. Bxd3 cxd3 8. Qxd3 Nbd7 9. 0-0 e6 10. Rd1 Be7 11. h3 Qa5 12. Bd2 Qh5 13. Ne2 Bd6 14. b4 Qg6 15. Qb3 0-0 16. Rac1 Ne4 17. Be1 Rac8 18. Nd2 Ndf6 19. Nc4 Bc7 20. b5 cxb5 21. Qxb5 Ng5 22. Kf1 b6 23. Ne5 Bxe5 24. Qxe5 Qh6 25. Nf4 a5 26. f3 Rcd8 27. h4 Nge4 28. fxe4 Ng4 29. Qb5 Nxe3+ 30. Kg1 Nxd1 31. Bd2 Rxd4 32. Rxd1 Rxd2 33. Rxd2 Qxf4 34. Re2 Rc8 35. Rc2 Qe3+ 36. Kh2 Rd8 37. Re2 Qf4+ 38. Kh3 h5 39. g3 Qf1+ 0-1

[Event "Budapest FS07 FM-A"]
[Site "Budapest"]
[Date "2009.07.04"]
[Round "1"]
[White "Ten Hagen, Yorick"]
[Black "Hansen, Rene Rauer"]
[Result "1-0"]
[WhiteElo "2150"]
[BlackElo "1991"]
[PlyCount "67"]
[EventDate "2009.07.04"]
[EventType "tourn"]
[EventRounds "11"]
[EventCountry "HUN"]
[SourceTitle "CBM 131 Extra"]
[Source "ChessBase"]
[SourceDate "2009.09.03"]
[SourceVersion "2"]
[SourceVersionDate "2009.09.16"]
[SourceQuality "1"]

1. e4 e5 2. Nf3 Nc6 3. Bb5 a6 4. Ba4 Nf6 5. 0-0 Be7 6. Re1 b5 7. Bb3 d6 8. c3 0-0 9. h3 Nd7 10. d4 Bf6 11. Be3 Bb7 12. Nbd2 Nb6 13. Nf1 Na5 14. Bc2 Nac4 15. Bc1 Nd7 16. b3 Ncb6 17. Ne3 g6 18. Ng4 Bg7 19. a4 h5 20. Nh6+ Kh8 21. a5 Nc8 22. d5 Ne7 23. g4 hxg4 24. hxg4 Ng8 25. Kg2 Bxh6 26. Rh1 Kg7 27. g5 Bxg5 28. Nxg5 Ngf6 29. Qf3 Qe7 30. Nh7 Rh8 31. Bh6+ Kxh7 32. Bf8+ Nh5 33. Bxe7 Kg7 34. Bg5 1-0

[Event "Politiken Cup 30th"]
[Site "Helsingor"]
[Date "2008.07.21"]
[Round "4"]
[White "Hansen, Torbjorn Ringdal"]
[Black "Hansen, Rene Rauer"]
[Result "1-0"]
[WhiteElo "2423"]
[BlackElo "2001"]
[PlyCount "37"]
[EventDate "2008.07.19"]
[EventType "swiss"]
[EventRounds "10"]
[EventCountry "DEN"]
[SourceTitle "CBM 125 Extra"]
[Source "ChessBase"]
[SourceDate "2008.09.01"]
[SourceVersion "1"]
[SourceVersionDate "2008.09.01"]
[SourceQuality "1"]

1. e4 c5 2. Nf3 d6 3. d4 cxd4 4. Nxd4 Nf6 5. Nc3 a6 6. Bg5 e6 7. f4 Qc7 8. Qf3 b5 9. Bxf6 gxf6 10. 0-0-0 Bb7 11. f5 b4 12. fxe6 bxc3 13. Qxf6 cxb2+ 14. Kb1 Rg8 15. Bc4 d5 16. exd5 Rg6 17. exf7+ Qxf7 18. Rhe1+ Be7 19. Qxf7+ 1-0

[Event "North Sea Cup 23th"]
[Site "Esbjerg"]
[Date "2008.07.18"]
[Round "10"]
[White "Hoiberg, Nina"]
[Black "Hansen, Rene Rauer"]
[Result "1-0"]
[WhiteElo "2211"]
[BlackElo "2001"]
[PlyCount "61"]
[EventDate "2008.07.11"]
[EventType "swiss"]
[EventRounds "10"]
[EventCountry "DEN"]
[SourceTitle "CBM 125 Extra"]
[Source "ChessBase"]
[SourceDate "2008.09.01"]
[SourceVersion "1"]
[SourceVersionDate "2008.09.01"]
[SourceQuality "1"]

1. e4 c5 2. Nf3 d6 3. d4 cxd4 4. Qxd4 Nc6 5. Bb5 Bd7 6. Bxc6 Bxc6 7. Nc3 Nf6 8. 0-0 e6 9. Bg5 Be7 10. Qd3 Qa5 11. Bh4 0-0 12. Nd4 Rac8 13. f4 Rfd8 14. Rae1 a6 15. Kh1 Qh5 16. Bf2 Qa5 17. Bg1 b5 18. a3 Bb7 19. Re3 d5 20. e5 Ne4 21. f5 exf5 22. Nxf5 Bf8 23. Rh3 Qc7 24. Nxe4 dxe4 25. Qg3 g6 26. Qh4 h5 27. Qf6 Bd5 28. Rxh5 gxh5 29. Qg5+ Kh8 30. Qxh5+ Kg8 31. Qg4+ 1-0

[Event "North Sea Cup 23th"]
[Site "Esbjerg"]
[Date "2008.07.13"]
[Round "4"]
[White "Kallenbach, Uffe"]
[Black "Hansen, Rene Rauer"]
[Result "0-1"]
[WhiteElo "1591"]
[BlackElo "2001"]
[PlyCount "48"]
[EventDate "2008.07.11"]
[EventType "swiss"]
[EventRounds "10"]
[EventCountry "DEN"]
[SourceTitle "CBM 125 Extra"]
[Source "ChessBase"]
[SourceDate "2008.09.01"]
[SourceVersion "1"]
[SourceVersionDate "2008.09.01"]
[SourceQuality "1"]

1. d4 Nf6 2. c4 g6 3. Nc3 Bg7 4. e4 d6 5. f3 0-0 6. Be3 e5 7. Nge2 Nc6 8. Qd2 exd4 9. Nxd4 Ne5 10. Be2 Re8 11. 0-0 c6 12. Rae1 Qc7 13. b4 Bd7 14. h3 Be6 15. Nxe6 fxe6 16. f4 Nf7 17. g4 Rad8 18. g5 Nd7 19. Qc1 d5 20. e5 Nxg5 21. fxg5 Qxe5 22. Bd2 Qg3+ 23. Kh1 Qxh3+ 24. Kg1 Bd4+ 0-1

[Event "North Sea Cup 23th"]
[Site "Esbjerg"]
[Date "2008.07.12"]
[Round "2"]
[White "Carlstedt, Jonathan"]
[Black "Hansen, Rene Rauer"]
[Result "1-0"]
[WhiteElo "2203"]
[BlackElo "2001"]
[PlyCount "55"]
[EventDate "2008.07.11"]
[EventType "swiss"]
[EventRounds "10"]
[EventCountry "DEN"]
[SourceTitle "CBM 125 Extra"]
[Source "ChessBase"]
[SourceDate "2008.09.01"]
[SourceVersion "1"]
[SourceVersionDate "2008.09.01"]
[SourceQuality "1"]

1. c4 Nf6 2. g3 g6 3. Bg2 Bg7 4. Nc3 d6 5. e4 c5 6. Nge2 Nc6 7. d3 0-0 8. 0-0 Rb8 9. Rb1 a6 10. a3 b5 11. cxb5 axb5 12. b4 cxb4 13. axb4 Bd7 14. h3 Qc7 15. Bg5 e6 16. Qd2 Rfc8 17. Rfc1 Qb6 18. Be3 Qd8 19. f4 h5 20. d4 d5 21. f5 Nxe4 22. Nxe4 dxe4 23. fxg6 f5 24. Nf4 e5 25. dxe5 Nxe5 26. Qd5+ Kh8 27. Bd4 Be8 28. Bxe5 1-0

[Event "Fyn-ch"]
[Site "Odense"]
[Date "2008.03.06"]
[Round "6"]
[White "Hansen, Rene Rauer"]
[Black "Aagaard, Gert"]
[Result "1-0"]
[WhiteElo "1876"]
[BlackElo "1917"]
[PlyCount "125"]
[EventDate "2008.01.10"]
[EventType "swiss"]
[EventRounds "7"]
[EventCountry "DEN"]
[SourceTitle "EXT 2018"]
[Source "ChessBase"]
[SourceDate "2017.10.13"]
[SourceVersion "1"]
[SourceVersionDate "2017.10.13"]
[SourceQuality "1"]

1. e4 Nf6 2. e5 Nd5 3. Nc3 Nxc3 4. dxc3 d5 5. Nf3 e6 6. Bg5 Be7 7. Bxe7 Qxe7 8. Qd2 Bd7 9. Bd3 c5 10. 0-0-0 Bc6 11. Rhe1 Nd7 12. Qf4 h6 13. h4 0-0-0 14. Bf1 Nb6 15. g3 Qc7 16. Qe3 Qe7 17. Nd2 Kb8 18. Nb3 Na4 19. Na5 c4 20. Nxc6+ bxc6 21. Kb1 Rd7 22. Ka1 Rb7 23. Rb1 Nc5 24. Red1 Ka8 25. b3 cxb3 26. cxb3 Nxb3+ 27. Rxb3 Rxb3 28. axb3 Qa3+ 29. Kb1 Qxb3+ 30. Kc1 Qa2 31. Qc5 Rb8 32. Qxc6+ Rb7 33. Rd4 Qb1+ 34. Kd2 Qxf1 35. Qc8+ Rb8 36. Qc6+ Rb7 37. Rb4 Qxf2+ 38. Kd1 Qf3+ 39. Kd2 Qf2+ 40. Kd1 Qg1+ 41. Kc2 Qb6 42. Rxb6 axb6 43. Kb3 h5 44. Kb4 Kb8 45. Qe8+ Ka7 46. Qd8 Ka6 47. Qa8+ Ra7 48. Qc6 g6 49. Qe8 Rc7 50. Qa8+ Ra7 51. Qg8 Re7 52. Ka4 Rb7 53. Qc8 Ka7 54. Kb5 Re7 55. Qa6+ Kb8 56. Kxb6 Rd7 57. Kc6 Rc7+ 58. Kd6 Rxc3 59. Qb5+ Kc8 60. Qe8+ Kb7 61. Qxf7+ Kb6 62. Kxe6 d4 63. Kd5 1-0

[Event "Fyn-ch"]
[Site "Odense"]
[Date "2008.01.10"]
[Round "1"]
[White "Hansen, Rene Rauer"]
[Black "Jensen, Jens Skjoldborg"]
[Result "1-0"]
[WhiteElo "1876"]
[BlackElo "1503"]
[PlyCount "67"]
[EventDate "2008.01.10"]
[EventType "swiss"]
[EventRounds "7"]
[EventCountry "DEN"]
[SourceTitle "EXT 2018"]
[Source "ChessBase"]
[SourceDate "2017.10.13"]
[SourceVersion "1"]
[SourceVersionDate "2017.10.13"]
[SourceQuality "1"]

1. c4 e5 2. Nc3 Nf6 3. g3 d5 4. cxd5 Nxd5 5. Bg2 Nxc3 6. bxc3 Bd6 7. e4 0-0 8. Ne2 Nc6 9. 0-0 Be6 10. d4 Bc4 11. Be3 Rb8 12. f4 exf4 13. Bxf4 Bxf4 14. gxf4 Qh4 15. Rf2 f5 16. e5 Ne7 17. Ng3 Nd5 18. Qc1 Rbe8 19. Bxd5+ Bxd5 20. c4 Be4 21. Qe3 Qg4 22. Qe2 Qxe2 23. Nxe2 Bd3 24. Rc1 Bxe2 25. Rxe2 Re6 26. d5 Rg6+ 27. Kf1 Kf7 28. c5 Rd8 29. Rd1 c6 30. e6+ Ke7 31. d6+ Ke8 32. Rb1 Rb8 33. e7 Kd7 34. Rxb7+ 1-0

[Event "Politiken Cup 28th"]
[Site "Copenhagen"]
[Date "2006.07.26"]
[Round "5"]
[White "Nielsen, Thomas"]
[Black "Hansen, Rene Rauer"]
[Result "1-0"]
[WhiteElo "1956"]
[BlackElo "2096"]
[PlyCount "103"]
[EventDate "2006.07.22"]
[EventType "swiss"]
[EventRounds "9"]
[EventCountry "DEN"]
[SourceTitle "CBM 113 Extra"]
[Source "ChessBase"]
[SourceDate "2006.09.14"]
[SourceVersion "1"]
[SourceVersionDate "2006.09.14"]
[SourceQuality "1"]

1. d4 Nf6 2. c4 g6 3. Nc3 Bg7 4. e4 d6 5. f3 0-0 6. Nge2 c6 7. Be3 a6 8. Ng3 b5 9. Bd3 e5 10. d5 bxc4 11. Bxc4 c5 12. Bg5 h6 13. Be3 Kh7 14. Qd2 Nbd7 15. 0-0 Rb8 16. Rac1 Qa5 17. Rc2 Nb6 18. Be2 Bd7 19. a3 Bb5 20. b4 cxb4 21. axb4 Qxb4 22. Rb1 Qa5 23. Bxb5 axb5 24. Rxb5 Qa1+ 25. Rb1 Qa7 26. Qf2 Nfd7 27. Nb5 Qa6 28. Rc6 Qa5 29. Nxd6 Nxd5 30. Rxb8 Nxb8 31. Rc5 Qa1+ 32. Rc1 Qa3 33. exd5 Qxd6 34. Bc5 Qxd5 35. Bxf8 Bxf8 36. Ne4 Kg7 37. g3 Nc6 38. Qb6 Nd4 39. Qf6+ Kg8 40. Kg2 Qa2+ 41. Kh3 Qe2 42. Qxe5 Bg7 43. Qe8+ Kh7 44. Qxf7 h5 45. Ng5+ Kh6 46. Qf4 Qb2 47. Ne6+ Kh7 48. Ng5+ Kh6 49. Ne4+ Kh7 50. Rc7 Ne6 51. Nf6+ Kh8 52. Qh6+ 1-0

[Event "Politiken Cup 27th"]
[Site "Copenhagen"]
[Date "2005.07.18"]
[Round "4"]
[White "Nordenbaek, Jan"]
[Black "Hansen, Rene Rauer"]
[Result "1-0"]
[WhiteElo "2246"]
[BlackElo "2084"]
[PlyCount "53"]
[EventDate "2005.07.16"]
[EventType "swiss"]
[EventRounds "10"]
[EventCountry "DEN"]
[SourceTitle "CBM 107 Extra"]
[Source "ChessBase"]
[SourceDate "2005.09.01"]
[SourceVersion "1"]
[SourceVersionDate "2005.09.01"]
[SourceQuality "1"]

1. d4 Nf6 2. c4 g6 3. Nc3 Bg7 4. e4 d6 5. Be2 0-0 6. Nf3 e5 7. 0-0 Nc6 8. d5 Ne7 9. Ne1 Nd7 10. Be3 f5 11. f3 f4 12. Bf2 g5 13. a4 Nf6 14. c5 Kh8 15. cxd6 cxd6 16. a5 Rf7 17. Nb5 g4 18. Nxa7 Rxa7 19. Bxa7 g3 20. Kh1 Ng6 21. Bb6 Qg8 22. Rc1 Bh6 23. Rxc8 Qxc8 24. h3 Nh4 25. Qc2 Qd7 26. b4 Nxg2 27. Kxg2 1-0